| 000 | 01020nam a22002535a 4500 | ||
|---|---|---|---|
| 003 | OSt | ||
| 005 | 20160907133132.0 | ||
| 008 | 160907s2010 ua frb 000 0 ara d | ||
| 015 | _a2009/7735 | ||
| 020 | _a9773285855 | ||
| 040 |
_aEG-ScBUE _bara _cEG-ScBUE |
||
| 043 | _af-ua--- | ||
| 082 | 0 | 4 |
_a346.62086 _bد ي ب _222 |
| 100 | 1 |
_aديب، محمود عبد الرحيم. _941059 |
|
| 245 | 1 | 0 |
_aأحكام التأمين : _bدراسة لعقد التأمين في القانون المصري / _cتأليف محمود عبد الرحيم الديب. |
| 260 |
_aالإسكندرية : _bدار الجامعة الجديدة للنشر، _c2010. |
||
| 300 |
_a152 ص. ؛ _c24 سم. |
||
| 504 | _aيشتمل على إرجاعات ببليوجرافية. | ||
| 650 | 7 |
_aالتأمين الاجتماعي _xقوانين وتشريعات _zمصر. _2BUEsh _920366 |
|
| 650 | 7 |
_aالتأمين _xقوانين وتشريعات _zمصر. _2BUEsh _941060 |
|
| 651 | _2BUEsh | ||
| 653 |
_bLLAAWW _cSeptember2016 |
||
| 942 | _2ddc | ||
| 999 |
_c22326 _d22298 |
||